000 00764cam a2200241 a 4500
001 4036341
005 20250609140751.0
008 981106s1999 tnu b 001 0 eng
020 _a0785269851 (pbk.)
020 _z9781418574413 (e-book)
050 0 0 _aBT981
_b.L35 1999
082 0 0 _a235/.4
_221
100 1 _aLarson, Bob,
_d1944-
245 1 0 _aLarson's book of spiritual warfare /
_cBob Larson.
260 _aNashville, Tenn. :
_bT. Nelson,
_cc1999.
300 _a481 p. ;
_c21 cm.
650 0 _aSpiritual warfare.
650 0 _aDevil
_xChristianity.
650 0 _aSatanism.
650 0 _aOccultism
_xReligious aspects
_xChristianity.
856 4 2 _3Publisher description
_uhttp://www.loc.gov/catdir/enhancements/fy0609/98051360-d.html
942 _2lcc
_cBK
_n0
999 _c6355
_d6355